• 首页
  • 本馆介绍
  • 公告通知
  • 最新文献
  • 馆藏检索
  • 电子资源
  • 读者导购
  • 参考咨询
  • 我的图书馆
  • 登录
  • 详细信息显示
  • 放入我的书架
  • 预约/预借图书
  • 作者相关作品
  • 分类相关作品
  • 丛书相关作品
  • 出版社相关作品

书目信息

  • 表格格式
  • 工作单格式
  • 卡片格式
题名:
无机反应与无机材料研究
    
 
作者: 雷炳新 , 王珊珊 , 杨刚宾 编著
分册:  
出版信息: 北京   中国水利水电出版社  2015.04
页数: 246页
开本: 26cm
丛书名:
单 册:
中图分类: O611.3 , TB321
科图分类:
主题词: 无机化学--化学反应--研究 , 无机材料--研究
电子资源:
ISBN: 978-7-5170-2419-4
000 01084nam0 2200277 450
001 0400007859
005 20171110095954.0
010    @a978-7-5170-2419-4@dCNY55.00
100    @a20150920d2015 em y0chiy50 ea
101 0  @achi
102    @aCN@b110000
105    @aa z 000yy
106    @ar
200 1  @a无机反应与无机材料研究@Awu ji fan ying yu wu ji cai liao yan jiu@f雷炳新,王珊珊,杨刚宾编著
210    @a北京@c中国水利水电出版社@d2015.04
215    @a246页@c图@d26cm
330    @a本书遵循无机化学的发展趋势,从无机化学的反应理论入手,对当前具有实用意义的无机材料进行了深入研究。全书共分10章,主要内容包括氧化还原反应、沉淀反应、酸碱反应、配位平衡、物质的结构、无机非金属材料、无机金属材料、无机功能材料、无机化学的进展等。
606 0  @a无机化学@x化学反应@x研究
606 0  @a无机材料@x研究
690    @aO611.3@v5
690    @aTB321@v5
701  0 @a雷炳新@Alei bing xin@f(1976.7-)@4编著
701  0 @a王珊珊@Awang shan shan@c(女)@4编著
701  0 @a杨刚宾@Ayang gang bin@f(1965.12-)@4编著
801  0 @aCN@b上海新华@c20171110
905    @b1024600-2@dO611.3@e32@f3
    
    无机反应与无机材料研究/雷炳新,王珊珊,杨刚宾编著.-北京:中国水利水电出版社,2015.04
    246页:图;26cm
    
    
    ISBN 978-7-5170-2419-4:CNY55.00
    本书遵循无机化学的发展趋势,从无机化学的反应理论入手,对当前具有实用意义的无机材料进行了深入研究。全书共分10章,主要内容包括氧化还原反应、沉淀反应、酸碱反应、配位平衡、物质的结构、无机非金属材料、无机金属材料、无机功能材料、无机化学的进展等。
●
相关链接 在E读中查询图书 在五车中查询图书 在当当中查询图书 在豆瓣中查询图书


正题名:无机反应与无机材料研究     索取号:O611.3/32         预约/预借

序号 登录号 条形码 馆藏地/架位号 状态 备注
1 1024600   210246009   第二样本阅览室/ [索取号:O611.3/32] 在馆    
2 1024601   210246018   密集书库-化学系/ [索取号:O611.3/32] 在馆    
3 1024602   210246027   第三借阅区/ [索取号:O611.3/32] 在馆    
唐山师范学院图书馆 欢迎您!
大连网信软件有限公司© 版权所有